00000000nam##2200000za#4500
0019.608054
003CaOODSP
00520250403105223
007cr |||||||||||
008150406|2015||||xxc|||||o    f|0| 0 fre|d
020 |a978-0-660-23026-9
040 |aCaOODSP|bfre
043 |an-cn---
0861 |aCS89-652/2015-1F-PDF
24503|aLe bénévolat and les dons de bienfaisance au Canada / |h[ressource électronique]|cpar Martin Turcotte.
260 |aOttawa - Ontario : |bStatistique Canada |cDate de diffusion : le 30 janvier 2015.
300 |a19p.|bgraphiques, références, tableaux
4901 |aMettre l'accent sur les Canadiens - résultats de l'Enquête sociale générale|vN° 1
590 |a15-05|b2015-01-30
69107|aBénévolat|2gcpds
69107|aDon de charité|2gcpds
7102 |aStatistique Canada.
77508|tVolunteering and charitable giving in Canada / |w(CaOODSP)9.581224
830#0|aMettre l'accent sur les Canadiens - résultats de l'Enquête sociale générale ;|vN° 1|w(CaOODSP)9.504051
85640|ahttp://publications.gc.ca|qPDF|s554 Ko|uhttps://publications.gc.ca/collections/collection_2015/statcan/89-652-x/89-652-x2015001-fra.pdf|yN° 1